[Event "2nd Easter 4NCL Congress"]
[Site "Daventry"]
[Date "2022.04.18"]
[Round "7"]
[Board "1"]
[White "Gormally, Daniel W"]
[Black "Hebden, Mark L"]
[Result "0-1"]
[WhiteElo "2496"]
[BlackElo "2532"]
[PlyCount "0"]
[EventDate "2022.04.15"]
[EventRounds "7"]
[EventCountry "ENG"]

1. d4 {[%clk 01:30:55]} {[%emt 00:00:05]} Nf6 {[%clk 01:30:38]} {[%emt
00:00:22]} 2. c4 {[%clk 01:31:21]} {[%emt 00:00:04]} g6 {[%clk 01:30:40]}
{[%emt 00:00:29]} 3. Nc3 {[%clk 01:31:47]} {[%emt 00:00:04]} Bg7 {[%clk
01:31:02]} {[%emt 00:00:07]} 4. e4 {[%clk 01:32:13]} {[%emt 00:00:04]} d6
{[%clk 01:31:26]} {[%emt 00:00:07]} 5. f3 {[%clk 01:32:37]} {[%emt 00:00:06]}
O-O {[%clk 01:30:08]} {[%emt 00:01:48]} 6. Bg5 {[%clk 01:33:04]} {[%emt
00:00:03]} c5 {[%clk 01:30:17]} {[%emt 00:00:21]} 7. d5 {[%clk 01:33:28]}
{[%emt 00:00:06]} e6 {[%clk 01:30:14]} {[%emt 00:00:33]} 8. Qd2 {[%clk
01:33:52]} {[%emt 00:00:05]} Qa5 {[%clk 01:29:59]} {[%emt 00:00:46]} 9. Bf4
{[%clk 01:33:56]} {[%emt 00:00:25]} exd5 {[%clk 01:24:14]} {[%emt 00:06:15]} 10.
cxd5 {[%clk 01:34:18]} {[%emt 00:00:09]} Ne8 {[%clk 01:23:41]} {[%emt
00:01:02]} 11. h4 {[%clk 01:34:27]} {[%emt 00:00:22]} f5 {[%clk 01:19:59]}
{[%emt 00:04:12]} 12. exf5 {[%clk 01:30:33]} {[%emt 00:04:24]} Bxf5 {[%clk
01:17:24]} {[%emt 00:03:04]} 13. g3 {[%clk 01:21:06]} {[%emt 00:09:57]} Nd7
{[%clk 01:16:55]} {[%emt 00:01:00]} 14. Kf2 {[%clk 01:20:09]} {[%emt 00:01:27]}
Ne5 {[%clk 01:16:35]} {[%emt 00:00:50]} 15. Bxe5 {[%clk 01:19:08]} {[%emt
00:01:31]} Bxe5 {[%clk 01:16:48]} {[%emt 00:00:17]} 16. Bh3 {[%clk 01:19:32]}
{[%emt 00:00:07]} Ng7 {[%clk 01:16:44]} {[%emt 00:00:32]} 17. Nge2 {[%clk
01:15:43]} {[%emt 00:04:20]} Rae8 {[%clk 01:16:03]} {[%emt 00:01:10]} 18. g4
{[%clk 01:04:17]} {[%emt 00:11:57]} Bd7 {[%clk 01:14:15]} {[%emt 00:02:18]} 19.
Kg2 {[%clk 01:04:43]} {[%emt 00:00:04]} Bb5 {[%clk 01:12:15]} {[%emt 00:02:30]}
20. Ng3 {[%clk 01:03:32]} {[%emt 00:01:41]} Rf4 {[%clk 01:10:24]} {[%emt
00:02:20]} 21. Nge4 {[%clk 01:00:47]} {[%emt 00:03:16]} Bd7 {[%clk 01:07:09]}
{[%emt 00:03:45]} 22. h5 {[%clk 00:47:41]} {[%emt 00:13:36]} Ref8 {[%clk
01:01:25]} {[%emt 00:06:14]} 23. h6 {[%clk 00:46:12]} {[%emt 00:01:59]} Ne8
{[%clk 01:01:35]} {[%emt 00:00:20]} 24. g5 {[%clk 00:46:38]} {[%emt 00:00:04]}
Bf5 {[%clk 00:59:31]} {[%emt 00:02:34]} 25. Bxf5 {[%clk 00:39:52]} {[%emt
00:07:16]} R4xf5 {[%clk 00:57:16]} {[%emt 00:02:44]} 26. Raf1 {[%clk 00:37:33]}
{[%emt 00:02:50]} Bf4 {[%clk 00:57:07]} {[%emt 00:00:39]} 27. Qc2 {[%clk
00:36:17]} {[%emt 00:01:46]} Qd8 {[%clk 00:55:58]} {[%emt 00:01:39]} 28. Ne2
{[%clk 00:36:01]} {[%emt 00:00:46]} Bxg5 {[%clk 00:54:16]} {[%emt 00:02:12]} 29.
N4g3 {[%clk 00:35:30]} {[%emt 00:01:01]} R5f7 {[%clk 00:54:03]} {[%emt
00:00:44]} 30. Qe4 {[%clk 00:35:22]} {[%emt 00:00:38]} Nf6 {[%clk 00:53:02]}
{[%emt 00:01:30]} 31. Qd3 {[%clk 00:35:46]} {[%emt 00:00:07]} Nd7 {[%clk
00:52:00]} {[%emt 00:01:31]} 32. Qe4 {[%clk 00:36:13]} {[%emt 00:00:03]} Re8
{[%clk 00:47:36]} {[%emt 00:04:54]} 33. Qc2 {[%clk 00:35:51]} {[%emt 00:00:53]}
Be3 {[%clk 00:46:53]} {[%emt 00:01:13]} 34. f4 {[%clk 00:35:53]} {[%emt
00:00:28]} Nf6 {[%clk 00:46:41]} {[%emt 00:00:41]} 35. f5 {[%clk 00:36:16]}
{[%emt 00:00:08]} g5 {[%clk 00:46:20]} {[%emt 00:00:50]} 36. Nc3 {[%clk
00:36:22]} {[%emt 00:00:24]} Re5 {[%clk 00:45:28]} {[%emt 00:01:22]}  0-1

[Event "2nd Easter 4NCL Congress"]
[Site "Daventry"]
[Date "2022.04.18"]
[Round "7"]
[Board "2"]
[White "Wilks, Simon"]
[Black "Han, Yichen"]
[Result "0-1"]
[WhiteElo "2161"]
[BlackElo "2396"]
[PlyCount "0"]
[EventDate "2022.04.15"]
[EventRounds "7"]
[EventCountry "ENG"]

1. e4 {[%clk 01:30:54]} {[%emt 00:00:02]} c5 {[%clk 01:30:58]} {[%emt
00:00:06]} 2. c3 {[%clk 01:30:52]} {[%emt 00:00:32]} Nf6 {[%clk 01:31:08]}
{[%emt 00:00:19]} 3. e5 {[%clk 01:30:59]} {[%emt 00:00:24]} Nd5 {[%clk
01:31:32]} {[%emt 00:00:05]} 4. Nf3 {[%clk 01:29:10]} {[%emt 00:02:19]} e6
{[%clk 01:30:12]} {[%emt 00:01:50]} 5. Bc4 {[%clk 01:24:27]} {[%emt 00:05:13]}
Nc6 {[%clk 01:26:55]} {[%emt 00:03:48]} 6. O-O {[%clk 01:16:52]} {[%emt
00:08:05]} Nb6 {[%clk 01:23:56]} {[%emt 00:03:27]} 7. Bb3 {[%clk 01:13:26]}
{[%emt 00:03:58]} c4 {[%clk 01:21:47]} {[%emt 00:02:38]} 8. Bc2 {[%clk
01:13:05]} {[%emt 00:00:51]} d6 {[%clk 01:21:58]} {[%emt 00:00:19]} 9. exd6
{[%clk 01:10:00]} {[%emt 00:03:37]} Bxd6 {[%clk 01:17:14]} {[%emt 00:05:12]} 10.
d3 {[%clk 01:02:03]} {[%emt 00:08:27]} Bc7 {[%clk 01:12:52]} {[%emt 00:04:52]}
11. dxc4 {[%clk 01:00:50]} {[%emt 00:01:44]} Qxd1 {[%clk 01:12:53]} {[%emt
00:00:29]} 12. Rxd1 {[%clk 01:00:59]} {[%emt 00:00:21]} Nxc4 {[%clk 01:13:16]}
{[%emt 00:00:07]} 13. Nbd2 {[%clk 00:59:44]} {[%emt 00:01:44]} Nxd2 {[%clk
01:12:33]} {[%emt 00:01:14]} 14. Bxd2 {[%clk 00:59:26]} {[%emt 00:00:48]} e5
{[%clk 01:12:26]} {[%emt 00:00:37]} 15. h3 {[%clk 00:56:50]} {[%emt 00:03:06]}
f6 {[%clk 01:11:46]} {[%emt 00:01:10]} 16. Be3 {[%clk 00:54:17]} {[%emt
00:03:03]} Be6 {[%clk 01:10:37]} {[%emt 00:01:37]} 17. Bc5 {[%clk 00:43:30]}
{[%emt 00:11:19]} Kf7 {[%clk 01:09:53]} {[%emt 00:01:13]} 18. Bb3 {[%clk
00:39:38]} {[%emt 00:04:23]} Rhd8 {[%clk 01:09:32]} {[%emt 00:00:50]} 19. Bxe6+
{[%clk 00:37:12]} {[%emt 00:02:57]} Kxe6 {[%clk 01:08:08]} {[%emt 00:01:53]} 20.
Kf1 {[%clk 00:37:11]} {[%emt 00:00:31]} b6 {[%clk 01:06:42]} {[%emt 00:01:56]}
21. Be3 {[%clk 00:36:45]} {[%emt 00:00:56]} Ne7 {[%clk 01:06:52]} {[%emt
00:00:20]} 22. Ke2 {[%clk 00:31:53]} {[%emt 00:05:22]} Nf5 {[%clk 01:05:00]}
{[%emt 00:02:22]} 23. g4 {[%clk 00:29:31]} {[%emt 00:02:52]} Nxe3 {[%clk
00:59:39]} {[%emt 00:05:52]} 24. fxe3 {[%clk 00:23:14]} {[%emt 00:06:47]} g6
{[%clk 00:58:37]} {[%emt 00:01:31]} 25. e4 {[%clk 00:22:34]} {[%emt 00:01:10]}
h6 {[%clk 00:56:33]} {[%emt 00:02:34]} 26. Nh4 {[%clk 00:21:49]} {[%emt
00:01:16]} Rg8 {[%clk 00:54:22]} {[%emt 00:02:40]} 27. Rd2 {[%clk 00:20:11]}
{[%emt 00:02:09]} Rg7 {[%clk 00:44:22]} {[%emt 00:10:29]} 28. Rg1 {[%clk
00:09:19]} {[%emt 00:11:23]} Rh8 {[%clk 00:39:48]} {[%emt 00:05:04]} 29. Nf5
{[%clk 00:06:23]} {[%emt 00:03:26]} Rgh7 {[%clk 00:39:37]} {[%emt 00:00:40]} 30.
Ng3 {[%clk 00:06:19]} {[%emt 00:00:34]} Rd7 {[%clk 00:37:35]} {[%emt 00:02:33]}
31. Rxd7 {[%clk 00:04:57]} {[%emt 00:01:52]} Kxd7 {[%clk 00:38:03]} {[%emt
00:00:02]} 32. Nf1 {[%clk 00:04:22]} {[%emt 00:01:04]} Ke6 {[%clk 00:36:36]}
{[%emt 00:01:57]} 33. Ne3 {[%clk 00:04:18]} {[%emt 00:00:35]} Bd8 {[%clk
00:33:09]} {[%emt 00:03:57]} 34. a4 {[%clk 00:03:25]} {[%emt 00:01:24]} Be7
{[%clk 00:32:36]} {[%emt 00:01:02]} 35. Rg2 {[%clk 00:02:27]} {[%emt 00:01:28]}
h5 {[%clk 00:30:50]} {[%emt 00:02:16]} 36. gxh5 {[%clk 00:01:43]} {[%emt
00:01:14]} Rxh5 {[%clk 00:30:13]} {[%emt 00:01:07]} 37. Rxg6 {[%clk 00:01:52]}
{[%emt 00:00:22]} Rxh3 {[%clk 00:30:40]} {[%emt 00:00:01]} 38. b4 {[%clk
00:00:45]} {[%emt 00:01:38]} a5 {[%clk 00:28:57]} {[%emt 00:02:13]} 39. Nd5
{[%clk 00:00:42]} {[%emt 00:00:33]} axb4 {[%clk 00:27:39]} {[%emt 00:01:48]} 40.
cxb4 {[%clk 00:00:58]} {[%emt 00:00:15]} Ra3 {[%clk 00:27:04]} {[%emt
00:01:02]} 41. Rg7 {[%clk 00:00:44]} {[%emt 00:00:45]} Bd8 {[%clk 00:25:43]}
{[%emt 00:01:51]} 42. Ra7 {[%clk 00:00:46]} {[%emt 00:00:29]} f5 {[%clk
00:22:48]} {[%emt 00:03:25]} 43. exf5+ {[%clk 00:00:57]} {[%emt 00:00:19]} Kxf5
{[%clk 00:23:09]} {[%emt 00:00:09]} 44. Rd7 {[%clk 00:00:42]} {[%emt 00:00:45]}
Ra2+ {[%clk 00:23:36]} {[%emt 00:00:03]} 45. Kd1 {[%clk 00:00:52]} {[%emt
00:00:21]} Bg5 {[%clk 00:23:18]} {[%emt 00:00:47]} 46. Nxb6 {[%clk 00:01:06]}
{[%emt 00:00:16]} e4 {[%clk 00:22:51]} {[%emt 00:00:56]} 47. Rf7+ {[%clk
00:00:36]} {[%emt 00:01:01]} Ke5 {[%clk 00:19:59]} {[%emt 00:03:21]} 48. Rf1
{[%clk 00:00:33]} {[%emt 00:00:34]} Kd4 {[%clk 00:19:58]} {[%emt 00:00:30]} 49.
Rf5 {[%clk 00:00:36]} {[%emt 00:00:28]} Be3 {[%clk 00:13:03]} {[%emt 00:07:24]}
50. Rd5+ {[%clk 00:00:39]} {[%emt 00:00:28]} Kc3 {[%clk 00:13:32]} 51. a5
{[%clk 00:00:44]} {[%emt 00:00:26]} Bd4 {[%clk 00:13:25]} {[%emt 00:00:36]} 52.
Rd8 {[%clk 00:00:38]} {[%emt 00:00:36]} Kd3 {[%clk 00:13:24]} {[%emt 00:00:31]}
53. Rc8 {[%clk 00:00:33]} {[%emt 00:00:36]} Rg2 {[%clk 00:13:18]} {[%emt
00:00:34]}  0-1

[Event "2nd Easter 4NCL Congress"]
[Site "Daventry"]
[Date "2022.04.18"]
[Round "7"]
[Board "3"]
[White "Bezuidenhout, Roland"]
[Black "Arkell, Keith C"]
[Result "1/2-1/2"]
[WhiteElo "2332"]
[BlackElo "2462"]
[PlyCount "0"]
[EventDate "2022.04.15"]
[EventRounds "7"]
[EventCountry "ENG"]

1. e4 {[%clk 01:30:57]} {[%emt 00:00:02]} c6 {[%clk 01:26:17]} {[%emt
00:05:37]} 2. Nc3 {[%clk 01:31:20]} {[%emt 00:00:06]} d5 {[%clk 01:26:24]}
{[%emt 00:00:22]} 3. Nf3 {[%clk 01:31:43]} {[%emt 00:00:07]} Bg4 {[%clk
01:26:40]} {[%emt 00:00:15]} 4. h3 {[%clk 01:32:07]} {[%emt 00:00:06]} Bxf3
{[%clk 01:27:06]} {[%emt 00:00:04]} 5. Qxf3 {[%clk 01:32:31]} {[%emt 00:00:06]}
dxe4 {[%clk 01:27:26]} {[%emt 00:00:11]} 6. Nxe4 {[%clk 01:32:51]} {[%emt
00:00:09]} Nd7 {[%clk 01:27:52]} {[%emt 00:00:04]} 7. d4 {[%clk 01:28:56]}
{[%emt 00:04:25]} Ndf6 {[%clk 01:28:17]} {[%emt 00:00:05]} 8. c3 {[%clk
01:28:45]} {[%emt 00:00:41]} Nxe4 {[%clk 01:28:42]} {[%emt 00:00:06]} 9. Qxe4
{[%clk 01:29:11]} {[%emt 00:00:03]} Nf6 {[%clk 01:29:08]} {[%emt 00:00:04]} 10.
Qf3 {[%clk 01:29:05]} {[%emt 00:00:36]} e6 {[%clk 01:29:31]} {[%emt 00:00:06]}
11. Bd3 {[%clk 01:29:08]} {[%emt 00:00:27]} Be7 {[%clk 01:29:42]} {[%emt
00:00:19]} 12. O-O {[%clk 01:29:17]} {[%emt 00:00:21]} O-O {[%clk 01:30:07]}
{[%emt 00:00:06]} 13. Bf4 {[%clk 01:28:15]} {[%emt 00:01:32]} Nd5 {[%clk
01:28:54]} {[%emt 00:01:43]} 14. Qe4 {[%clk 01:26:38]} {[%emt 00:02:07]} g6
{[%clk 01:29:18]} {[%emt 00:00:05]} 15. Bg3 {[%clk 01:25:20]} {[%emt 00:01:48]}
Nf6 {[%clk 01:29:13]} {[%emt 00:00:36]} 16. Qe2 {[%clk 01:24:58]} {[%emt
00:00:51]} Nh5 {[%clk 01:29:24]} {[%emt 00:00:19]} 17. Be5 {[%clk 01:23:38]}
{[%emt 00:01:50]} Bd6 {[%clk 01:29:03]} {[%emt 00:00:52]} 18. Rfe1 {[%clk
01:23:33]} {[%emt 00:00:34]} Bxe5 {[%clk 01:27:20]} {[%emt 00:02:14]} 19. Qxe5
{[%clk 01:23:57]} {[%emt 00:00:05]} Qb8 {[%clk 01:25:45]} {[%emt 00:02:06]} 20.
g3 {[%clk 01:22:51]} {[%emt 00:01:35]} Qxe5 {[%clk 01:23:38]} {[%emt 00:02:37]}
21. Rxe5 {[%clk 01:22:54]} {[%emt 00:00:28]} Rfd8 {[%clk 01:23:20]} {[%emt
00:00:48]} 22. a4 {[%clk 01:16:46]} {[%emt 00:06:38]} a5 {[%clk 01:20:51]}
{[%emt 00:02:58]} 23. Kg2 {[%clk 01:16:43]} {[%emt 00:00:32]} Nf6 {[%clk
01:21:15]} {[%emt 00:00:08]} 24. Bc4 {[%clk 01:11:16]} {[%emt 00:05:58]} Rd6
{[%clk 01:21:26]} {[%emt 00:00:18]} 25. Rae1 {[%clk 01:11:03]} {[%emt
00:00:42]} Nd7 {[%clk 01:21:28]} {[%emt 00:00:29]} 26. R5e2 {[%clk 01:09:00]}
{[%emt 00:02:33]} c5 {[%clk 01:19:13]} {[%emt 00:02:46]} 27. dxc5 {[%clk
01:08:27]} {[%emt 00:01:03]} Nxc5 {[%clk 01:19:38]} {[%emt 00:00:04]} 28. Bb5
{[%clk 01:08:22]} {[%emt 00:00:35]} b6 {[%clk 01:16:26]} {[%emt 00:03:42]} 29.
b4 {[%clk 00:58:14]} {[%emt 00:10:39]} axb4 {[%clk 01:09:19]} {[%emt 00:07:37]}
30. cxb4 {[%clk 00:58:37]} {[%emt 00:00:06]} Nb3 {[%clk 01:09:43]} {[%emt
00:00:06]} 31. Bc4 {[%clk 00:54:15]} {[%emt 00:04:52]} Nd4 {[%clk 01:00:40]}
{[%emt 00:09:34]} 32. Rd2 {[%clk 00:38:45]} {[%emt 00:16:00]} Rxa4 {[%clk
00:49:20]} {[%emt 00:11:50]} 33. Red1 {[%clk 00:39:07]} {[%emt 00:00:08]} e5
{[%clk 00:49:31]} {[%emt 00:00:19]} 34. f4 {[%clk 00:39:28]} {[%emt 00:00:08]}
Rxb4 {[%clk 00:38:12]} {[%emt 00:11:49]} 35. fxe5 {[%clk 00:39:38]} {[%emt
00:00:20]} Rc6 {[%clk 00:38:37]} {[%emt 00:00:05]} 36. Rxd4 {[%clk 00:29:38]}
{[%emt 00:10:30]} Rbxc4 {[%clk 00:38:30]} {[%emt 00:00:38]} 37. Rxc4 {[%clk
00:29:47]} {[%emt 00:00:21]} Rxc4 {[%clk 00:38:58]} {[%emt 00:00:02]} 38. Rd6
{[%clk 00:28:57]} {[%emt 00:01:19]} b5 {[%clk 00:38:45]} {[%emt 00:00:43]} 39.
e6 {[%clk 00:28:55]} {[%emt 00:00:33]} fxe6 {[%clk 00:39:08]} {[%emt 00:00:06]}
40. Rxe6 {[%clk 00:29:20]} {[%emt 00:00:04]} Kf7 {[%clk 00:37:02]} {[%emt
00:02:37]} 41. Rb6 {[%clk 00:29:43]} {[%emt 00:00:07]} b4 {[%clk 00:37:28]}
{[%emt 00:00:04]} 42. Rb7+ {[%clk 00:29:33]} {[%emt 00:00:40]} Ke6 {[%clk
00:37:38]} {[%emt 00:00:20]} 43. Rxh7 {[%clk 00:29:52]} {[%emt 00:00:11]} Kd5
{[%clk 00:37:48]} {[%emt 00:00:20]} 44. Kf3 {[%clk 00:26:25]} {[%emt 00:03:56]}
Kd4 {[%clk 00:29:40]} {[%emt 00:08:39]} 45. Kf4 {[%clk 00:24:53]} {[%emt
00:02:03]} Rc5 {[%clk 00:16:56]} {[%emt 00:13:13]} 46. Rg7 {[%clk 00:21:09]}
{[%emt 00:04:14]} g5 {[%clk 00:15:46]} {[%emt 00:01:41]} 47. Kg4 {[%clk
00:21:33]} {[%emt 00:00:05]} b3 {[%clk 00:16:12]} {[%emt 00:00:04]} 48. Rb7
{[%clk 00:20:05]} {[%emt 00:01:57]} Kc3 {[%clk 00:16:35]} {[%emt 00:00:08]} 49.
h4 {[%clk 00:19:47]} {[%emt 00:00:48]} gxh4 {[%clk 00:16:42]} {[%emt 00:00:23]}
50. gxh4 {[%clk 00:20:09]} {[%emt 00:00:08]} Rc4+ {[%clk 00:16:45]} {[%emt
00:00:27]} 51. Kg5 {[%clk 00:20:27]} {[%emt 00:00:12]} Rb4 {[%clk 00:17:08]}
{[%emt 00:00:08]} 52. Rc7+ {[%clk 00:20:00]} {[%emt 00:00:57]} Kd2 {[%clk
00:17:10]} {[%emt 00:00:28]} 53. Rd7+ {[%clk 00:07:39]} {[%emt 00:12:51]} Ke2
{[%clk 00:17:34]} {[%emt 00:00:06]} 54. Re7+ {[%clk 00:07:59]} {[%emt
00:00:09]} Kf2 {[%clk 00:17:54]} {[%emt 00:00:10]} 55. Rf7+ {[%clk 00:08:25]}
{[%emt 00:00:04]} Kg3 {[%clk 00:16:25]} {[%emt 00:01:59]} 56. h5 {[%clk
00:08:34]} {[%emt 00:00:21]} b2 {[%clk 00:10:20]} {[%emt 00:06:35]} 57. Rf1
{[%clk 00:08:57]} {[%emt 00:00:07]} Rg4+ {[%clk 00:08:11]} {[%emt 00:02:39]} 58.
Kh6 {[%clk 00:09:12]} {[%emt 00:00:15]} Rb4 {[%clk 00:08:29]} {[%emt 00:00:12]}
59. Kg5 {[%clk 00:08:09]} {[%emt 00:01:32]} b1=Q {[%clk 00:07:50]} {[%emt
00:01:09]} 60. Rxb1 {[%clk 00:08:36]} {[%emt 00:00:04]} Rxb1 {[%clk 00:08:16]}
{[%emt 00:00:05]} 61. h6 {[%clk 00:09:01]} {[%emt 00:00:04]} Rb5+ {[%clk
00:08:39]} {[%emt 00:00:07]} 62. Kg6 {[%clk 00:09:21]} {[%emt 00:00:10]} Rb6+
{[%clk 00:08:57]} {[%emt 00:00:13]} 63. Kg7 {[%clk 00:08:39]} {[%emt 00:01:11]}
Rxh6 {[%clk 00:09:22]} {[%emt 00:00:05]} 64. Kxh6 {[%clk 00:08:34]} {[%emt
00:00:04]}  1/2-1/2

[Event "2nd Easter 4NCL Congress"]
[Site "Daventry"]
[Date "2022.04.18"]
[Round "7"]
[Board "4"]
[White "Turner, Max N"]
[Black "Gordon, Frederick"]
[Result "1/2-1/2"]
[WhiteElo "2366"]
[BlackElo "1829"]
[PlyCount "0"]
[EventDate "2022.04.15"]
[EventRounds "7"]
[EventCountry "ENG"]

1. d4 {[%clk 01:30:52]} {[%emt 00:00:08]} d5 {[%clk 01:30:53]} {[%emt
00:00:08]} 2. c4 {[%clk 01:31:05]} {[%emt 00:00:17]} e6 {[%clk 01:31:17]}
{[%emt 00:00:06]} 3. Nf3 {[%clk 01:31:22]} {[%emt 00:00:13]} Nf6 {[%clk
01:31:40]} {[%emt 00:00:07]} 4. Nc3 {[%clk 01:30:59]} {[%emt 00:00:53]} Be7
{[%clk 01:32:00]} {[%emt 00:00:11]} 5. cxd5 {[%clk 01:29:55]} {[%emt 00:01:33]}
exd5 {[%clk 01:32:19]} {[%emt 00:00:10]} 6. Bg5 {[%clk 01:29:59]} {[%emt
00:00:27]} c6 {[%clk 01:32:33]} {[%emt 00:00:16]} 7. Qc2 {[%clk 01:29:28]}
{[%emt 00:01:01]} O-O {[%clk 01:32:33]} {[%emt 00:00:29]} 8. e3 {[%clk
01:29:28]} {[%emt 00:00:31]} h6 {[%clk 01:32:39]} {[%emt 00:00:23]} 9. Bh4
{[%clk 01:29:07]} {[%emt 00:00:51]} Nh5 {[%clk 01:32:47]} {[%emt 00:00:22]} 10.
Bxe7 {[%clk 01:29:01]} {[%emt 00:00:37]} Qxe7 {[%clk 01:33:08]} {[%emt
00:00:08]} 11. Be2 {[%clk 01:28:02]} {[%emt 00:01:29]} g6 {[%clk 01:32:47]}
{[%emt 00:00:51]} 12. O-O {[%clk 01:21:13]} {[%emt 00:07:20]} Bf5 {[%clk
01:32:23]} {[%emt 00:00:54]} 13. Bd3 {[%clk 01:20:48]} {[%emt 00:00:55]} Bxd3
{[%clk 01:32:39]} {[%emt 00:00:14]} 14. Qxd3 {[%clk 01:21:12]} {[%emt
00:00:06]} Nd7 {[%clk 01:32:48]} {[%emt 00:00:21]} 15. Rab1 {[%clk 01:20:52]}
{[%emt 00:00:51]} a5 {[%clk 01:31:47]} {[%emt 00:01:31]} 16. Rfc1 {[%clk
01:19:52]} {[%emt 00:01:28]} Nhf6 {[%clk 01:29:38]} {[%emt 00:02:39]} 17. Nd2
{[%clk 01:19:02]} {[%emt 00:01:20]} Rfe8 {[%clk 01:28:17]} {[%emt 00:01:51]} 18.
Na4 {[%clk 01:17:37]} {[%emt 00:01:56]} Ne4 {[%clk 01:28:08]} {[%emt 00:00:39]}
19. Nxe4 {[%clk 01:17:25]} {[%emt 00:00:41]} Qxe4 {[%clk 01:28:28]} {[%emt
00:00:11]} 20. Qxe4 {[%clk 01:17:36]} {[%emt 00:00:19]} Rxe4 {[%clk 01:28:45]}
{[%emt 00:00:13]} 21. Nc5 {[%clk 01:15:30]} {[%emt 00:02:36]} Nxc5 {[%clk
01:27:13]} {[%emt 00:02:01]} 22. Rxc5 {[%clk 01:13:37]} {[%emt 00:02:23]} Kf8
{[%clk 01:25:42]} {[%emt 00:02:01]} 23. a3 {[%clk 01:10:20]} {[%emt 00:03:48]}
a4 {[%clk 01:24:23]} {[%emt 00:01:50]} 24. Kf1 {[%clk 01:10:19]} {[%emt
00:00:30]} Ke7 {[%clk 01:23:56]} {[%emt 00:00:57]} 25. b4 {[%clk 01:08:29]}
{[%emt 00:02:20]} axb3 {[%clk 01:24:05]} {[%emt 00:00:21]} 26. Rxb3 {[%clk
01:08:54]} {[%emt 00:00:04]} Ra7 {[%clk 01:24:06]} {[%emt 00:00:30]} 27. a4
{[%clk 01:09:09]} {[%emt 00:00:16]} Kd6 {[%clk 01:22:41]} {[%emt 00:01:54]} 28.
a5 {[%clk 01:09:15]} {[%emt 00:00:24]} Re8 {[%clk 01:21:22]} {[%emt 00:01:49]}
29. f3 {[%clk 01:02:29]} {[%emt 00:07:17]} h5 {[%clk 01:19:30]} {[%emt
00:02:21]} 30. Ke2 {[%clk 01:02:26]} {[%emt 00:00:33]} Rea8 {[%clk 01:17:00]}
{[%emt 00:03:00]} 31. e4 {[%clk 01:01:48]} {[%emt 00:01:07]} Rxa5 {[%clk
01:14:32]} {[%emt 00:02:58]} 32. Rxa5 {[%clk 01:01:30]} {[%emt 00:00:49]} Rxa5
{[%clk 01:14:50]} {[%emt 00:00:12]} 33. Rxb7 {[%clk 01:01:54]} {[%emt
00:00:05]} Ra2+ {[%clk 01:13:48]} {[%emt 00:01:32]} 34. Ke3 {[%clk 00:59:32]}
{[%emt 00:02:53]} f6 {[%clk 01:08:13]} {[%emt 00:06:04]} 35. Rf7 {[%clk
00:53:52]} {[%emt 00:06:10]} Ke6 {[%clk 01:07:15]} {[%emt 00:01:29]} 36. Rc7
{[%clk 00:54:13]} {[%emt 00:00:08]} Kd6 {[%clk 01:06:15]} {[%emt 00:01:30]} 37.
Rf7 {[%clk 00:54:31]} {[%emt 00:00:12]} Ke5 {[%emt 00:00:53]}  1/2-1/2

[Event "2nd Easter 4NCL Congress"]
[Site "Daventry"]
[Date "2022.04.18"]
[Round "7"]
[Board "5"]
[White "Bin-Suhayl, Ieysaa"]
[Black "Phan, Stefanus"]
[Result "1-0"]
[WhiteElo "2309"]
[BlackElo "2038"]
[PlyCount "0"]
[EventDate "2022.04.15"]
[EventRounds "7"]
[EventCountry "ENG"]

1. Nf3 {[%clk 01:30:21]} {[%emt 00:00:38]} Nf6 {[%clk 01:30:26]} {[%emt
00:00:35]} 2. c4 {[%clk 01:30:45]} {[%emt 00:00:06]} e6 {[%clk 01:30:12]}
{[%emt 00:00:44]} 3. g3 {[%clk 01:31:10]} {[%emt 00:00:04]} d5 {[%clk
01:30:29]} {[%emt 00:00:13]} 4. d4 {[%clk 01:31:35]} {[%emt 00:00:05]} Be7
{[%clk 01:30:54]} {[%emt 00:00:05]} 5. Bg2 {[%clk 01:32:02]} {[%emt 00:00:04]}
O-O {[%clk 01:31:13]} {[%emt 00:00:10]} 6. O-O {[%clk 01:32:30]} {[%emt
00:00:03]} dxc4 {[%clk 01:31:36]} {[%emt 00:00:07]} 7. Ne5 {[%clk 01:32:57]}
{[%emt 00:00:03]} Nc6 {[%clk 01:31:50]} {[%emt 00:00:15]} 8. Bxc6 {[%clk
01:33:23]} {[%emt 00:00:05]} bxc6 {[%clk 01:32:03]} {[%emt 00:00:16]} 9. Nxc6
{[%clk 01:33:49]} {[%emt 00:00:04]} Qe8 {[%clk 01:32:25]} {[%emt 00:00:07]} 10.
Nxe7+ {[%clk 01:34:16]} {[%emt 00:00:04]} Qxe7 {[%clk 01:32:43]} {[%emt
00:00:12]} 11. Qc2 {[%clk 01:34:41]} {[%emt 00:00:04]} c5 {[%clk 01:26:29]}
{[%emt 00:06:45]} 12. b3 {[%clk 01:35:06]} {[%emt 00:00:05]} cxd4 {[%clk
01:25:16]} {[%emt 00:01:43]} 13. Ba3 {[%clk 01:35:28]} {[%emt 00:00:08]} Qd7
{[%clk 01:23:15]} {[%emt 00:02:31]} 14. Bxf8 {[%clk 01:35:45]} {[%emt
00:00:13]} cxb3 {[%clk 01:23:13]} {[%emt 00:00:33]} 15. axb3 {[%clk 01:35:36]}
{[%emt 00:00:39]} Kxf8 {[%clk 01:21:21]} {[%emt 00:02:20]} 16. Qc5+ {[%clk
01:35:51]} {[%emt 00:00:16]} Qe7 {[%clk 01:13:56]} {[%emt 00:07:54]} 17. Qxd4
{[%clk 01:36:04]} {[%emt 00:00:17]} e5 {[%clk 01:13:57]} {[%emt 00:00:29]} 18.
Qe3 {[%clk 01:34:34]} {[%emt 00:02:00]} Nd5 {[%clk 01:07:08]} {[%emt 00:07:20]}
19. Qe4 {[%clk 01:33:33]} {[%emt 00:01:31]} Bb7 {[%clk 01:07:31]} {[%emt
00:00:07]} 20. Qxh7 {[%clk 01:33:39]} {[%emt 00:00:24]} Qf6 {[%clk 01:07:49]}
{[%emt 00:00:12]} 21. e4 {[%clk 01:33:42]} {[%emt 00:00:27]} Ne7 {[%clk
01:06:51]} {[%emt 00:01:28]} 22. Nd2 {[%clk 01:32:48]} {[%emt 00:01:23]} Ng6
{[%clk 01:05:25]} {[%emt 00:01:57]} 23. Qh5 {[%clk 01:32:57]} {[%emt 00:00:21]}
Ke7 {[%clk 01:04:52]} {[%emt 00:01:03]} 24. Qf5 {[%clk 01:32:44]} {[%emt
00:00:43]} Qb6 {[%clk 01:04:45]} {[%emt 00:00:37]} 25. Nc4 {[%clk 01:32:54]}
{[%emt 00:00:20]} Qd4 {[%clk 01:04:51]} {[%emt 00:00:24]} 26. Rad1 {[%clk
01:32:22]} {[%emt 00:01:02]} Bxe4 {[%clk 01:04:53]} {[%emt 00:00:28]} 27. Qg5+
{[%clk 01:32:46]} {[%emt 00:00:06]}  1-0